KOHA-Header-6

Learn To Program With Visual Basic. Net (Record no. 8806)

000 -LEADER
fixed length control field 00273nam a2200109Ia 4500
100 ## - MAIN ENTRY--AUTHOR NAME
Personal name John Smiley
245 #0 - TITLE STATEMENT
Title Learn To Program With Visual Basic. Net
260 ## - PUBLICATION, DISTRIBUTION, ETC. (IMPRINT)
Place of publication New Delhi
Name of publisher Prentice
Year of publication 2002
300 ## - PHYSICAL DESCRIPTION
Number of Pages 541
942 ## - ADDED ENTRY ELEMENTS (KOHA)
Koha item type Books
Holdings
Withdrawn status Lost status Collection code Permanent Location Current Location Shelving location Date acquired Full call number Accession Number Koha item type
    Computer Science MAJU MAJU Shelf No.A16 2019-09-14 658.575 3820 Computer Science

Powered by Koha